[Event "CAN-ch U18"]
[Site "Sault Ste Marie"]
[Date "2017.07.09"]
[Round "6.13"]
[White "Situ, Andrew"]
[Black "Cloutier, Daniel"]
[Result "1/2-1/2"]
[WhiteElo "1028"]
[BlackElo "992"]
[PlyCount "82"]
[EventDate "2017.07.06"]
[EventType "swiss"]
[EventRounds "7"]
[EventCountry "CAN"]
[SourceTitle "EXT 2022"]
[Source "ChessBase"]
[SourceDate "2021.10.06"]
[SourceVersion "1"]
[SourceVersionDate "2021.10.06"]
[SourceQuality "1"]

1. e4 d6 2. Nf3 Nf6 3. Nc3 g6 4. d4 Bg7 5. Bc4 0-0 6. Bg5 c6 7. d5 b5 8. Bb3 b4 9. Ne2 Nxe4 10. Rb1 Bg4 11. h4 Bxf3 12. gxf3 Nxg5 13. hxg5 e6 14. dxe6 d5 15. exf7+ Rxf7 16. f4 Qe8 17. a3 Rxf4 18. axb4 Nd7 19. b5 Nb6 20. Kf1 Rf5 21. bxc6 Qxc6 22. f4 Kh8 23. c3 Raf8 24. Rh4 Rxg5 25. Ra1 Nc4 26. Ke1 Rgf5 27. Rxa7 Re8 28. Ba4 Qb6 29. Bxe8 Qxa7 30. Bxg6 Rf6 31. Bxh7 Ne3 32. Be4+ Rh6 33. Rxh6+ Bxh6 34. Qd4+ Qxd4 35. Nxd4 dxe4 36. Ne2 Ng2+ 37. Kf2 Nxf4 38. Nxf4 Bxf4 39. b4 Bd2 40. b5 Bxc3 41. Ke3 Ba5 1/2-1/2